Statystyki dla Stolice Europy

Kliknij tutaj aby rozwiązać quiz!

Ogólne statystyki

  • Ten quiz został rozwiązany 21 razy
  • Średni wynik to 32 z 45

Odpowiedzi na mapie

Odpowiedzi skodowane kolorowo w zielono-czerwonej skali na mapie do tego quizu, zgodnie z poniższymi procentami.
 

Statystyki odpowiedzi

Odpowiedź% Poprawnych
Berlin
94%
Warszawa
94%
Kijów
88%
Kopenhaga
88%
Mińsk
88%
Oslo
88%
Paryż
88%
Ateny
82%
Bratysława
82%
Londyn
82%
Luksemburg
82%
Madryt
82%
Moskwa
82%
Praga
82%
Rzym
82%
Amsterdam
76%
Bruksela
76%
Bukareszt
76%
Dublin
76%
Lizbona
76%
Ryga
76%
San Marino
76%
Sofia
76%
Sztokholm
76%
Watykan
76%
Wiedeń
76%
Zagrzeb
76%
Budapeszt
71%
Tallinn
71%
Valletta
71%
Berno
65%
Helsinki
65%
Monako
65%
Tirana
65%
Wilno
65%
Andora
59%
Kiszyniów
59%
Belgrad
53%
Prisztina
53%
Sarajewo
53%
Liechtenstein
47%
Skopie
41%
Lublana
35%
Podgorica
35%
Rejkiawik
29%

Rozkład punktacji

Percentyl według liczby udzielonych odpowiedzi

Procent ludzi z każdym wynikiem

Twoja historia wyników

Nie rozwiązałeś tego quizu